000 00254nam a2200097Ia 4500
001 641661
005 20250826153511.0
008 250824s9999 xx 000 0 und d
245 0 _aMUTLU PRENS GENÇLİK KLASİKLERİ
_cOSCAR WILDE
260 _bTİMAŞ ÇOCUK
999 _c641661
_d641661